Libertad de expresión y campañas negativas /

Guardat en:
Dades bibliogràfiques
Autor principal: Temkin Yedwab, Benjamín (autor)
Autor corporatiu: Tribunal Electoral del Poder Judicial de la Federación (presen.)
Altres autors: Salazar Elena, Rodrigo (autor) (autor)
Format: Llibre
Idioma:espanyol
Publicat: México : Tribunal Electoral del Poder Judicial de la Federación, 2010, c2010
Col·lecció:(Temas Selectos de Derecho Electoral ; 12)
Matèries:
Etiquetes: Afegir etiqueta
Sense etiquetes, Sigues el primer a etiquetar aquest registre!

MARC

LEADER 00000nam^a2200000^a^4500
001 000318066
005 20250521000000.0
008 120127 20102010
009 20260310113402.207
020 |a 978-607-7599-66-1 
025 |a Donación María del Mar Enríquez Domínguez, 1 ejemplar 
037 |a Acervo ITESO - Biblioteca 
041 |a ESP 
082 |a 342. 07  |b TEM V. 12 
100 |a Temkin Yedwab, Benjamín  |e (autor) 
245 1 0 |a Libertad de expresión y campañas negativas /  |c B. Temkin Yedwab, R. Salazar Elena ; presen. del Tribunal Electoral del Poder Judicial de la Federación. 
264 4 |a México :  |b Tribunal Electoral del Poder Judicial de la Federación,  |c 2010, c2010 
300 |a 27 p. 
336 |a texto  |b txt  |2 rdacontenido 
337 |a sin mediación  |b n  |2 rdamedio 
338 |a volumen  |b nc  |2 rdasoporte 
440 1 |a (Temas Selectos de Derecho Electoral ;  |v 12) 
649 |a XX 
650 |a Candidatos Políticos Mexicanos -  |x Condiciones Jurídicas 
650 |a Libertad de Expresión -  |z México 
650 |a Propaganda -  |z México 
650 |a Difamación y Calumnia -  |z México -  |x Tema Principal 
650 |a Campaña Electoral -  |z México -  |x Tema Principal 
650 |a Derecho Electoral -  |z México -  |x Tema Principal 
650 |a Derecho Político -  |z México 
650 |a Derecho Constitucional -  |z México 
650 |a México -  |x Condiciones Jurídicas 
710 |a Tribunal Electoral del Poder Judicial de la Federación  |e (presen.) 
700 |a Salazar Elena, Rodrigo  |e (autor) 
910 |a Fondo General 
920 |a Impresos - Libros 
930 |a Colección General 
905 |a 101 
901 |a 0500205108  |b IT1  |c ACC  |i D  |u 20250521 
902 |a https://opac.biblio.iteso.mx/vufind/Record/000318066